| 000 | 00709nam a2200121Ia 4500 | ||
|---|---|---|---|
| 008 | 200902s9999 xx 000 0 und d | ||
| 020 | _a978-621-406-186-0 | ||
| 100 | _aCadiz, Arlon P. | ||
| 245 |
_cArlon P. Cadiz, Denis Dyvee Errabo, Ivan Hubert C. Juan, Genesis Love Ng, Erika Stephanie R. Viloria, Silverio Agustin, Ivory T. Acebado, Serafin S. SD. Raymundo II, Sheryl S. Verdadero, Zia Denise C. Reambillo, Ernesto G. Ferrer Jr., Danilo M. Aquino Jr. _aReviewer lisensure examination for teachers (LET) : _bGeneral education (Elementary & Secondary) / |
||
| 260 |
_aManila : _bMindshapers Co., Inc. _c2018 |
||
| 300 |
_aiv , 89 pages : _billustrations ; _c26 cm. |
||
| 650 | _aTeachers -- Examination -- Reviews | ||
| 999 |
_c363961 _d363961 |
||